[Event "38. Rilton Cup 2008/2009"]
[Site "Stockholm SWE"]
[Date "2008.12.29"]
[Round "3.1"]
[White "Berczes, David"]
[Black "Kuzubov, Yuriy"]
[Result "1/2-1/2"]
[WhiteElo "2514"]
[BlackElo "2622"]
[PlyCount "36"]
[EventDate "2008.12.27"]
[EventType "swiss"]
[EventRounds "9"]
[EventCountry "SWE"]
[Source "lmi"]
[SourceDate "2008.12.27"]

1. d4 Nf6 2. c4 e6 3. Nf3 Bb4+ 4. Nbd2 b6 5. a3 Bxd2+ 6. Qxd2 Bb7 7. e3 O-O 8.
Be2 a5 9. b3 Ne4 10. Qc2 f5 11. O-O d6 12. Bb2 Nd7 13. b4 Qe7 14. Rad1 Kh8 15.
d5 e5 16. Nd2 Nxd2 17. Qxd2 f4 18. f3 Qg5 1/2-1/2

[Event "38. Rilton Cup 2008/2009"]
[Site "Stockholm SWE"]
[Date "2008.12.29"]
[Round "3.2"]
[White "Wojtaszek, Radoslaw"]
[Black "Grandelius, Nils"]
[Result "1/2-1/2"]
[BlackElo "2464"]
[PlyCount "115"]
[EventDate "2008.12.27"]
[EventType "swiss"]
[EventRounds "9"]
[EventCountry "SWE"]
[Source "lmi"]
[SourceDate "2008.12.27"]
[WhiteElo "2599"]

1. Nf3 Nf6 2. c4 g6 3. Nc3 d5 4. cxd5 Nxd5 5. Qa4+ Bd7 6. Qc2 Nb6 7. d4 Bg7 8.
e4 O-O 9. Be3 Nc6 10. d5 Na5 11. Rd1 c6 12. dxc6 Nxc6 13. Be2 Qc8 14. h3 Ne5
15. Nxe5 Bxe5 16. Bd4 Bxd4 17. Rxd4 e5 18. Rd2 Be6 19. O-O Rd8 20. Rfd1 Qc7 21.
Bg4 Bxg4 22. hxg4 a6 23. g3 Kg7 24. Kg2 Rac8 25. Rd3 Rxd3 26. Qxd3 Qc5 27. Qf3
h6 28. g5 hxg5 29. Qg4 Rc6 30. Qxg5 Rf6 31. Qd2 Nc4 32. Qe2 Rd6 33. Nd5 Nb6 34.
b4 Qc4 35. Qxc4 Nxc4 36. Rc1 Nb6 37. Ne3 Rd4 38. a3 Rd3 39. Rc7 Rd7 40. Rc5 f6
41. g4 Kh6 42. Kg3 Rd3 43. Kh4 Rxa3 44. Rc7 Rd3 45. g5+ fxg5+ 46. Kg4 Rd7 47.
Rc5 Re7 48. Kg3 Kg7 49. Ng4 Nd7 50. Rc7 Kf8 51. Rxb7 Nf6 52. Rxe7 Kxe7 53. Nxf6
Kxf6 54. Kg4 Kf7 55. Kxg5 Kg7 56. Kg4 Kf6 57. Kh4 Kf7 58. Kg5 1/2-1/2

[Event "38. Rilton Cup 2008/2009"]
[Site "Stockholm SWE"]
[Date "2008.12.29"]
[Round "3.3"]
[White "Ivanov, Sergey"]
[Black "Huschenbeth, Niclas"]
[Result "1-0"]
[WhiteElo "2547"]
[BlackElo "2417"]
[PlyCount "107"]
[EventDate "2008.12.27"]
[EventType "swiss"]
[EventRounds "9"]
[EventCountry "SWE"]
[Source "lmi"]
[SourceDate "2008.12.27"]

1. d4 Nf6 2. c4 g6 3. Nf3 Bg7 4. g3 O-O 5. Bg2 d6 6. O-O Nc6 7. Nc3 a6 8. b3 e5
9. dxe5 dxe5 10. Ba3 Re8 11. Qxd8 Nxd8 12. Rad1 e4 13. Nd4 b6 14. Nc2 Bb7 15.
Rd2 Ne6 16. Rfd1 h5 17. Ne3 Bh6 18. Ncd5 Nxd5 19. cxd5 Ng7 20. Rc2 Rac8 21. Nc4
Nf5 22. e3 Rcd8 23. Rcd2 Ba8 24. d6 cxd6 25. Bh3 b5 26. Nxd6 Nxd6 27. Rxd6 Rxd6
28. Rxd6 Bb7 29. Rb6 Bc8 30. Bxc8 Rxc8 31. Rxa6 Bf8 32. Bxf8 Kxf8 33. h3 Rc2
34. g4 hxg4 35. hxg4 Kg7 36. Kg2 f5 37. Kg3 b4 38. gxf5 gxf5 39. Rb6 Rxa2 40.
Rxb4 Rb2 41. Rb6 Kf7 42. b4 Kg7 43. b5 Kf7 44. Rb7+ Kg6 45. b6 Kf6 46. Rb8 Kg7
47. Kf4 Rxf2+ 48. Kg5 f4 49. b7 fxe3 50. Re8 e2 51. b8=Q Rg2+ 52. Kf5 Rf2+ 53.
Ke5 e1=Q 54. Rg8+ 1-0

[Event "38. Rilton Cup 2008/2009"]
[Site "Stockholm SWE"]
[Date "2008.12.29"]
[Round "3.4"]
[White "Hillarp Persson, Tiger"]
[Black "Akbarinia, Sayed Arash"]
[Result "1-0"]
[WhiteElo "2543"]
[PlyCount "97"]
[EventDate "2008.12.27"]
[EventType "swiss"]
[EventRounds "9"]
[EventCountry "SWE"]
[Source "lmi"]
[SourceDate "2008.12.27"]
[BlackElo "2337"]

1. d4 d5 2. c4 c6 3. Nc3 Nf6 4. Nf3 e6 5. Bg5 dxc4 6. e4 b5 7. a4 Bb4 8. e5 h6
9. exf6 hxg5 10. fxg7 Rg8 11. h4 gxh4 12. Rxh4 Qf6 13. Rh5 bxa4 14. Rxa4 a5 15.
Qa1 Bb7 16. Rhxa5 Rxa5 17. Rxa5 Bxa5 18. Qxa5 Ba6 19. Ne4 Qe7 20. Qb6 Qd8 21.
Qb4 f6 22. Nxf6+ Qxf6 23. Qxb8+ Qd8 24. Qe5 Qd5 25. Qb8+ Qd8 26. Qe5 Qe7 27.
Qh5+ Kd7 28. Qa5 Bb5 29. Ne5+ Ke8 30. Bxc4 Bxc4 31. Qa8+ Qd8 32. Qxc6+ Ke7 33.
Qxc4 Kf6 34. Qc3 Qd5 35. Ng4+ Kxg7 36. Ne3 Qe4 37. d5+ e5 38. f3 Qf4 39. Ng4
Re8 40. d6 Qd4 41. Qc7+ Kg6 42. d7 Rh8 43. Qc6+ Kh5 44. Nf6+ Kh4 45. Qe4+ Qxe4+
46. Nxe4 Rd8 47. Nc5 Kh5 48. Ke2 Kg6 49. Ne6 1-0

[Event "38. Rilton Cup 2008/2009"]
[Site "Stockholm SWE"]
[Date "2008.12.29"]
[Round "3.5"]
[White "Berczes, Csaba"]
[Black "Bogner, Sebastian"]
[Result "1/2-1/2"]
[WhiteElo "2399"]
[BlackElo "2448"]
[PlyCount "97"]
[EventDate "2008.12.27"]
[EventType "swiss"]
[EventRounds "9"]
[EventCountry "SWE"]
[Source "lmi"]
[SourceDate "2008.12.27"]

1. Nf3 Nf6 2. g3 d5 3. Bg2 c6 4. O-O Bf5 5. d3 h6 6. Nbd2 e6 7. b3 Be7 8. Bb2
O-O 9. c4 Nbd7 10. Rc1 a5 11. a3 Bh7 12. Rc2 b5 13. cxb5 cxb5 14. Qc1 Qb6 15.
Rc6 Qb8 16. Qa1 Rc8 17. Nd4 Qb7 18. Rfc1 Bc5 19. Rxc8+ Rxc8 20. N4f3 Bd6 21.
Rxc8+ Qxc8 22. Nd4 Qa6 23. a4 b4 24. Nb5 Bb8 25. Qc1 Bg6 26. Nd4 Kf8 27. N2f3
Ne8 28. Nc6 Bd6 29. Nfe5 Nxe5 30. Nxe5 Bh7 31. Bd4 Nf6 32. Bc5 Ke7 33. f4 Nd7
34. Bd4 Bxe5 35. fxe5 Kd8 36. h3 Qc8 37. Qxc8+ Kxc8 38. Kf2 Kc7 39. Ke3 Kc6 40.
Kd2 Nc5 41. Kc2 Nd7 42. Bf3 Bg6 43. g4 Bh7 44. h4 Bg6 45. Bb2 Kc5 46. Kd2 Kc6
47. Bd4 Nc5 48. Kc2 Nd7 49. Kd2 1/2-1/2

[Event "38. Rilton Cup 2008/2009"]
[Site "Stockholm SWE"]
[Date "2008.12.29"]
[Round "3.6"]
[White "Sagit, Rauan"]
[Black "Cramling, Pia"]
[Result "1/2-1/2"]
[WhiteElo "2314"]
[BlackElo "2550"]
[PlyCount "212"]
[EventDate "2008.12.27"]
[EventType "swiss"]
[EventRounds "9"]
[EventCountry "SWE"]
[Source "lmi"]
[SourceDate "2008.12.27"]

1. e4 c5 2. Nf3 Nc6 3. d4 cxd4 4. Nxd4 e6 5. Nb5 d6 6. c4 Nf6 7. N1c3 a6 8. Na3
Be7 9. Be2 b6 10. Be3 Ne5 11. f3 O-O 12. O-O Re8 13. Qd2 Bb7 14. Rfd1 Rc8 15.
Bf1 Qc7 16. Rac1 Qb8 17. Kh1 Bd8 18. Bg1 Bc7 19. Nc2 h6 20. Ne3 Bc6 21. b4 b5
22. cxb5 axb5 23. a4 bxa4 24. b5 Bb7 25. Nxa4 d5 26. exd5 Nxd5 27. Nc5 Nxe3 28.
Qxe3 Bb6 29. Qe2 Bxc5 30. Bxc5 Bd5 31. Qe3 Nd7 32. Bd4 Rxc1 33. Qxc1 Qb7 34.
Kg1 e5 35. Be3 Nf6 36. Qc5 e4 37. fxe4 Rxe4 38. Bd4 Nd7 39. Qa7 Qxa7 40. Bxa7
Nf6 41. Bd4 Bb3 42. Rd2 Re1 43. Kf2 Re6 44. Rb2 Ne4+ 45. Kg1 Bd5 46. b6 Bb7 47.
Rb4 Nd6 48. Bd3 Re1+ 49. Kf2 Re8 50. Ra4 Ne4+ 51. Kg1 Rd8 52. Be2 Bc6 53. Rb4
Bb7 54. Bf3 f5 55. Be5 Rd5 56. Bc7 Kf7 57. h4 Ra5 58. h5 Ke6 59. Rd4 Ra1+ 60.
Kh2 Ra8 61. Rd1 Ra2 62. Kg1 Ra4 63. Rc1 Ra8 64. Be2 Kd5 65. Rd1+ Kc6 66. Bf3
Re8 67. Rd6+ Kc5 68. Rd7 Ba6 69. Rf7 Nd2 70. Rxf5+ Kd4 71. Rd5+ Ke3 72. Rxd2
Kxd2 73. b7 Bxb7 74. Bxb7 Re7 75. Bf4+ Kd3 76. Bf3 Rf7 77. Be5 Re7 78. Bb2 Kc2
79. Ba3 Ra7 80. Bb4 Kd3 81. Kh2 Kd4 82. Bd6 Rd7 83. Bf4 Rf7 84. Kg3 Rf8 85. Kg4
Rf7 86. Bd6 Rf6 87. Ba3 Rf7 88. Bb2+ Kc5 89. Be5 Kc4 90. Be4 Kc5 91. Bg6 Re7
92. Kf5 Kd5 93. Bf4 Ra7 94. g3 Re7 95. Bh7 Ra7 96. Bg8+ Kd4 97. Be5+ Ke3 98.
Kg6 Kf3 99. Bd5+ Kg4 100. Be6+ Kf3 101. Bxg7 Ra6 102. Kf5 Kxg3 103. Bf6 Rxe6
104. Kxe6 Kg4 105. Bg7 Kxh5 106. Bxh6 Kxh6 1/2-1/2

[Event "38. Rilton Cup 2008/2009"]
[Site "Stockholm SWE"]
[Date "2008.12.29"]
[Round "3.7"]
[White "Nithander, Victor"]
[Black "Bellon Lopez, Juan Manuel"]
[Result "1/2-1/2"]
[WhiteElo "2365"]
[BlackElo "2440"]
[PlyCount "95"]
[EventDate "2008.12.27"]
[EventType "swiss"]
[EventRounds "9"]
[EventCountry "SWE"]
[Source "lmi"]
[SourceDate "2008.12.27"]

1. e4 c5 2. Nf3 e6 3. Nc3 a6 4. d4 cxd4 5. Nxd4 Nc6 6. Be3 Qc7 7. Bd3 Nf6 8.
O-O Nxd4 9. Bxd4 Bc5 10. Bxc5 Qxc5 11. Qe1 d6 12. Kh1 O-O 13. f4 e5 14. Qh4
exf4 15. Qxf4 Qe5 16. Qh4 Be6 17. Rae1 Rfe8 18. Re2 h6 19. a4 Rac8 20. h3 Qd4
21. Ref2 Nd7 22. Qf4 Ne5 23. Be2 Qb4 24. Qc1 Rc6 25. Rd1 Rb6 26. Qe3 Rc8 27.
Rff1 Qc5 28. Qxc5 Rxc5 29. Rb1 Bc4 30. Bxc4 Nxc4 31. b4 Re5 32. Rfd1 Na3 33.
Rb2 Rc6 34. Rd3 b5 35. Ra2 Nc4 36. axb5 axb5 37. Rd5 Ne3 38. Rd3 Nc4 39. Rd5 f5
40. Rxe5 dxe5 41. Nd5 Rd6 42. Ne7+ Kf7 43. Nxf5 Rd1+ 44. Kh2 Nd2 45. Ra7+ Kf6
46. Ng3 g6 47. Ra6+ Kg7 48. Ra7+ 1/2-1/2

[Event "38. Rilton Cup 2008/2009"]
[Site "Stockholm SWE"]
[Date "2008.12.29"]
[Round "3.8"]
[White "Willemze, Thomas"]
[Black "Blomqvist, Erik"]
[Result "1-0"]
[WhiteElo "2417"]
[BlackElo "2418"]
[PlyCount "67"]
[EventDate "2008.12.27"]
[EventType "swiss"]
[EventRounds "9"]
[EventCountry "SWE"]
[Source "lmi"]
[SourceDate "2008.12.27"]

1. e4 c5 2. Nf3 d6 3. d4 cxd4 4. Nxd4 Nf6 5. Nc3 a6 6. Be3 e5 7. Nb3 Be6 8. Qd2
Nbd7 9. O-O-O Be7 10. f4 b5 11. f5 Bc4 12. g4 h6 13. Rg1 Rc8 14. Kb1 Qc7 15. a3
Nb6 16. Bd3 d5 17. Bxb6 Qxb6 18. Nxd5 Nxd5 19. exd5 O-O 20. Qe1 Bxd3 21. Rxd3
Bh4 22. Qf1 e4 23. Rd4 Rc4 24. c3 Rxd4 25. Nxd4 Qc5 26. g5 Bxg5 27. f6 g6 28.
Nf5 Bxf6 29. Nxh6+ Kh7 30. Rg3 Bg7 31. Rh3 Bxh6 32. Qf4 Qg1+ 33. Ka2 g5 34. Qf6
1-0

[Event "38. Rilton Cup 2008/2009"]
[Site "Stockholm SWE"]
[Date "2008.12.29"]
[Round "3.9"]
[White "Gagarin, Vasilij"]
[Black "Nygren, David"]
[Result "1-0"]
[WhiteElo "2390"]
[BlackElo "2136"]
[PlyCount "55"]
[EventDate "2008.12.27"]
[EventType "swiss"]
[EventRounds "9"]
[EventCountry "SWE"]
[Source "lmi"]
[SourceDate "2008.12.27"]

1. d4 Nf6 2. Nf3 e6 3. c4 c5 4. d5 exd5 5. cxd5 d6 6. Nc3 g6 7. h3 a6 8. a4 Bg7
9. e4 O-O 10. Bd3 Nh5 11. O-O Nd7 12. Bg5 Bf6 13. Be3 Re8 14. Nd2 Bg7 15. Be2
Qh4 16. Nc4 Ne5 17. Nxd6 Bxh3 18. Nxe8 Ng4 19. Bxg4 Bxg4 20. Qd2 Bf3 21. Ne2
Be5 22. Ng3 Bxg2 23. Kxg2 Bxg3 24. Nf6+ Nxf6 25. fxg3 Qxe4+ 26. Kg1 Nxd5 27.
Rae1 Qe5 28. Bf4 1-0

[Event "38. Rilton Cup 2008/2009"]
[Site "Stockholm SWE"]
[Date "2008.12.29"]
[Round "3.10"]
[White "Johansson, Gunnar"]
[Black "Gleizerov, Evgeny"]
[Result "0-1"]
[WhiteElo "2261"]
[BlackElo "2545"]
[PlyCount "72"]
[EventDate "2008.12.27"]
[EventType "swiss"]
[EventRounds "9"]
[EventCountry "SWE"]
[Source "lmi"]
[SourceDate "2008.12.27"]

1. d4 e6 2. c4 f5 3. g3 Nf6 4. Bg2 c6 5. Nf3 d5 6. O-O Bd6 7. Ne5 O-O 8. Bf4 b6
9. Nd2 Bb7 10. Rc1 Qe7 11. Nd3 Nbd7 12. Nf3 c5 13. Bxd6 Qxd6 14. cxd5 exd5 15.
Nde5 c4 16. Qc2 g6 17. Qd2 b5 18. h4 Rae8 19. Nxd7 Nxd7 20. h5 Kg7 21. hxg6
hxg6 22. Rc3 Nf6 23. Ne5 Ne4 24. Bxe4 dxe4 25. Qg5 Rh8 26. g4 Rxe5 27. dxe5
Qxe5 28. f4 exf3 29. Rfxf3 Bxf3 30. Rxf3 Qh2+ 31. Kf1 Qh1+ 32. Kf2 Rh2+ 33. Kg3
Rg2+ 34. Kf4 Qh2+ 35. Ke3 Qe5+ 36. Kd2 Qxe2+ 0-1

[Event "38. Rilton Cup 2008/2009"]
[Site "Stockholm SWE"]
[Date "2008.12.29"]
[Round "3.11"]
[White "Glimbrant, Torbjorn"]
[Black "Ulibin, Mikhail"]
[Result "0-1"]
[BlackElo "2521"]
[PlyCount "78"]
[EventDate "2008.12.27"]
[EventType "swiss"]
[EventRounds "9"]
[EventCountry "SWE"]
[Source "lmi"]
[SourceDate "2008.12.27"]
[WhiteElo "2254"]

1. c4 e5 2. Nc3 Nc6 3. g3 g6 4. Bg2 Bg7 5. e3 d6 6. Nge2 h5 7. h4 Nh6 8. Rb1 a5
9. a3 O-O 10. b4 axb4 11. axb4 Ne7 12. b5 c6 13. O-O Be6 14. Qb3 Rc8 15. d3 Ng4
16. Ba3 Nf5 17. bxc6 bxc6 18. Qb6 Qd7 19. Ne4 f6 20. Qb7 Rc7 21. Qb4 Ra8 22. c5
Rca7 23. Bc1 d5 24. N4c3 Bf8 25. d4 e4 26. Nf4 Bf7 27. Nh3 Be7 28. Bd2 g5 29.
hxg5 fxg5 30. Qb2 h4 31. Ne2 Ra2 32. Qc1 Qc7 33. f3 Ngxe3 34. fxe4 Nxg3 35.
Nxg3 Qxg3 36. Rf2 Be6 37. Bxe3 Bxh3 38. Rbb2 Ra1 39. Rb8+ Qxb8 0-1

[Event "38. Rilton Cup 2008/2009"]
[Site "Stockholm SWE"]
[Date "2008.12.29"]
[Round "3.12"]
[White "Lindeman, Sven"]
[Black "Akesson, Ralf"]
[Result "0-1"]
[WhiteElo "2234"]
[PlyCount "134"]
[EventDate "2008.12.27"]
[EventType "swiss"]
[EventRounds "9"]
[EventCountry "SWE"]
[Source "lmi"]
[SourceDate "2008.12.27"]
[BlackElo "2484"]

1. e4 c5 2. Nf3 e6 3. d3 Nc6 4. g3 d5 5. Nbd2 Nf6 6. Bg2 Be7 7. O-O Qc7 8. Re1
b6 9. a3 Bb7 10. c3 h6 11. b4 dxe4 12. dxe4 Nd7 13. e5 O-O-O 14. Qe2 g5 15. h3
Kb8 16. Rb1 Rc8 17. b5 Na5 18. c4 Nf8 19. Bb2 Ng6 20. Bc3 Rhd8 21. Ne4 Rd7 22.
Bxa5 bxa5 23. Nc3 h5 24. b6 axb6 25. Na4 g4 26. Nxb6 gxf3 27. Bxf3 Ka7 28. Nxd7
Bxf3 29. Qxf3 Qxd7 30. Red1 Qc7 31. Re1 h4 32. g4 Bg5 33. Rb5 Rb8 34. Rxb8 Kxb8
35. Rb1+ Ka7 36. Qe4 Bf4 37. Rb5 Bxe5 38. Qe1 Ka6 39. Qe4 Ka7 40. Qe1 Ka6 41.
Qe4 Qc8 42. Qf3 f6 43. Kf1 Ne7 44. Qb3 Qc7 45. Qe3 Qd6 46. Qb3 Qc6 47. Kg1 Bc7
48. Qe3 Qd6 49. Qf3 Nc6 50. Rb1 Ka7 51. Kf1 Bb6 52. Rd1 Nd4 53. Qe4 Qh2 54. Rd3
Bc7 55. Qg2 Qf4 56. Rd1 Nf3 57. Ke2 Nd4+ 58. Kf1 Nf3 59. Ke2 Ne5 60. Kf1 Qxc4+
61. Kg1 Qe2 62. Qf1 Nf3+ 63. Kh1 Qxf1+ 64. Rxf1 Bf4 65. Kg2 Nd4 66. Re1 c4 67.
Re4 e5 0-1

[Event "38. Rilton Cup 2008/2009"]
[Site "Stockholm SWE"]
[Date "2008.12.29"]
[Round "3.13"]
[White "Brynell, Stellan"]
[Black "Wickstrom, Lucas"]
[Result "1-0"]
[WhiteElo "2447"]
[PlyCount "79"]
[EventDate "2008.12.27"]
[EventType "swiss"]
[EventRounds "9"]
[EventCountry "SWE"]
[Source "lmi"]
[SourceDate "2008.12.27"]
[BlackElo "2183"]

1. d4 Nf6 2. c4 c5 3. e3 e6 4. Nf3 a6 5. Nc3 d5 6. cxd5 exd5 7. Be2 Nc6 8. O-O
Be6 9. b3 Rc8 10. Bb2 b5 11. dxc5 Bxc5 12. Rc1 Qb6 13. a4 b4 14. a5 Qxa5 15.
Ra1 Qc7 16. Na4 Nb8 17. Nxc5 Qxc5 18. Qd4 Qd6 19. Qh4 d4 20. Nxd4 O-O 21. Rfd1
Qb6 22. Nxe6 fxe6 23. Bc4 Rc6 24. Be5 a5 25. Qd4 Nbd7 26. Bd6 Qxd4 27. Rxd4
Rfc8 28. Bxe6+ Kh8 29. g3 Rc1+ 30. Rxc1 Rxc1+ 31. Kg2 h5 32. h3 Nc5 33. Bf7
Nce4 34. Bg6 a4 35. Bxb4 axb3 36. Ba3 Ra1 37. Bb2 Ra2 38. Rd8+ Ng8 39. Bxe4
Rxb2 40. Bd5 1-0

[Event "38. Rilton Cup 2008/2009"]
[Site "Stockholm SWE"]
[Date "2008.12.29"]
[Round "3.14"]
[White "Hirneise, Tobias"]
[Black "Andersson, Fredrik"]
[Result "1-0"]
[BlackElo "2235"]
[PlyCount "71"]
[EventDate "2008.12.27"]
[EventType "swiss"]
[EventRounds "9"]
[EventCountry "SWE"]
[Source "lmi"]
[SourceDate "2008.12.27"]
[WhiteElo "2440"]

1. e4 c6 2. d4 d5 3. e5 c5 4. dxc5 Nc6 5. Nf3 Bg4 6. Bb5 Qa5+ 7. Nc3 e6 8. Be3
Nge7 9. a3 Qc7 10. O-O Nf5 11. Na4 Nh4 12. Be2 Bxf3 13. Bxf3 Nxf3+ 14. Qxf3
Qxe5 15. Bd2 Qd4 16. Qb3 O-O-O 17. Rfd1 Qg4 18. h3 Qh4 19. Qb5 g5 20. b4 g4 21.
Qf1 gxh3 22. g3 Rg8 23. Kh2 Qf6 24. Bf4 e5 25. Be3 d4 26. Bd2 Kb8 27. b5 Ne7
28. c6 bxc6 29. Rab1 Ka8 30. b6 Qf3 31. Nc5 Rb8 32. b7+ Rxb7 33. Rxb7 Nf5 34.
Rxa7+ Kxa7 35. Qa6+ Kb8 36. Qb7# 1-0

[Event "38. Rilton Cup 2008/2009"]
[Site "Stockholm SWE"]
[Date "2008.12.29"]
[Round "3.15"]
[White "Kockum, Anton Frisk"]
[Black "Tikkanen, Hans"]
[Result "0-1"]
[BlackElo "2415"]
[PlyCount "85"]
[EventDate "2008.12.27"]
[EventType "swiss"]
[EventRounds "9"]
[EventCountry "SWE"]
[Source "lmi"]
[SourceDate "2008.12.27"]
[WhiteElo "2252"]

1. d4 d5 2. Nf3 Nc6 3. c4 e5 4. cxd5 Qxd5 5. Nc3 Bb4 6. Bd2 Bxc3 7. Bxc3 e4 8.
Ne5 e3 9. f3 Nge7 10. Nxc6 Qxc6 11. g3 Nd5 12. Rc1 h5 13. Qc2 Be6 14. Bg2 h4
15. f4 g6 16. O-O hxg3 17. hxg3 Qd7 18. Ba5 f5 19. Rf3 c6 20. Qd3 Kf7 21. Be1
Rh6 22. b4 Rah8 23. Rc5 b6 24. Rc2 Kf8 25. Rxe3 Nxe3 26. Qxe3 Bd5 27. Qe5 Bxg2
28. Kxg2 Rh1 29. Qf6+ Qf7 30. Qe5 R8h2+ 31. Kf3 Rf1+ 32. Ke3 Rxe1 33. Kd3 Qe7
34. Rxc6 Qxe5 35. fxe5 Rhxe2 36. Rxg6 Rf2 37. Kc4 Re4 38. Kd5 Rd2 39. Rf6+ Ke7
40. Re6+ Kd7 41. Rd6+ Kc7 42. Ke6 Rdxd4 43. Rd5 0-1

[Event "38. Rilton Cup 2008/2009"]
[Site "Stockholm SWE"]
[Date "2008.12.29"]
[Round "3.16"]
[White "Kolbus, Dietmar"]
[Black "Hanninger, Simon"]
[Result "1/2-1/2"]
[WhiteElo "2414"]
[PlyCount "81"]
[EventDate "2008.12.27"]
[EventType "swiss"]
[EventRounds "9"]
[EventCountry "SWE"]
[Source "lmi"]
[SourceDate "2008.12.27"]
[BlackElo "2144"]

1. c4 e5 2. g3 Nc6 3. Bg2 g6 4. Nc3 Bg7 5. Rb1 d6 6. b4 a6 7. e3 Be6 8. Nd5 Qd7
9. Ne2 b5 10. d3 Rb8 11. cxb5 axb5 12. O-O Nce7 13. Nec3 c6 14. Nxe7 Nxe7 15.
a3 O-O 16. Bb2 h6 17. Qc2 Rfc8 18. Rfc1 c5 19. bxc5 dxc5 20. Ne4 c4 21. dxc4
Rxc4 22. Qe2 Rxc1+ 23. Rxc1 Bc4 24. Qc2 Rd8 25. Bf1 Bxf1 26. Rxf1 Qd3 27. Rc1
Qxc2 28. Rxc2 f5 29. Nc3 Rc8 30. Rd2 Rc5 31. Kf1 e4 32. Ne2 Bxb2 33. Rxb2 Nc6
34. Rb3 b4 35. axb4 Rb5 36. Rc3 Nxb4 37. Rb3 Rb6 38. Nd4 Nd5 39. Rxb6 Nxb6 40.
Ke2 Kf7 41. f3 1/2-1/2

[Event "38. Rilton Cup 2008/2009"]
[Site "Stockholm SWE"]
[Date "2008.12.29"]
[Round "3.18"]
[White "Eriksson, Jorgen"]
[Black "Lindberg, Bengt"]
[Result "0-1"]
[WhiteElo "2217"]
[BlackElo "2406"]
[PlyCount "74"]
[EventDate "2008.12.27"]
[EventType "swiss"]
[EventRounds "9"]
[EventCountry "SWE"]
[Source "lmi"]
[SourceDate "2008.12.27"]

1. d4 e6 2. e4 d5 3. exd5 exd5 4. Bd3 Bd6 5. Ne2 Bg4 6. c3 Nc6 7. Qb3 Nge7 8.
O-O Qd7 9. Re1 O-O-O 10. Nd2 h5 11. Nf1 h4 12. Qc2 h3 13. g3 Bf3 14. b4 f5 15.
Bg5 Rh5 16. Bxe7 Nxe7 17. Nd2 Be4 18. f3 Bxd3 19. Qxd3 Rhh8 20. f4 Ng8 21. Nf3
Nf6 22. Nc1 Ne4 23. Nb3 Qa4 24. Nc5 Qa3 25. Rec1 Rde8 26. Qc2 b6 27. Nd3 g5 28.
fxg5 f4 29. gxf4 Rhf8 30. Nfe5 c5 31. bxc5 bxc5 32. Qb3 Qa6 33. Qxd5 Bxe5 34.
Nxe5 Rxe5 35. dxe5 Rxf4 36. Rd1 Rg4+ 37. Kh1 Nf2# 0-1

[Event "38. Rilton Cup 2008/2009"]
[Site "Stockholm SWE"]
[Date "2008.12.29"]
[Round "3.19"]
[White "Furhoff, Johan"]
[Black "Forsberg, Viktor"]
[Result "1-0"]
[WhiteElo "2405"]
[BlackElo "2210"]
[PlyCount "75"]
[EventDate "2008.12.27"]
[EventType "swiss"]
[EventRounds "9"]
[EventCountry "SWE"]
[Source "lmi"]
[SourceDate "2008.12.27"]

1. e4 e5 2. Nc3 Nc6 3. f4 exf4 4. Nf3 g5 5. h4 g4 6. Ng5 f3 7. gxf3 f6 8. d4
fxg5 9. hxg5 Bg7 10. Be3 Nge7 11. d5 Ne5 12. f4 Nf3+ 13. Kf2 d6 14. Be2 Qd7 15.
Bxf3 gxf3 16. Qxf3 c5 17. Rag1 b6 18. Qh5+ Kd8 19. Rg3 Ba6 20. Rgh3 Kc7 21. Qf7
Bxc3 22. Rxh7 Rxh7 23. Rxh7 Rh8 24. bxc3 Rxh7 25. Qxh7 Kd8 26. Qh8+ Kc7 27. Qf6
Kd8 28. e5 Qf5 29. Qxd6+ Ke8 30. Qb8+ Kf7 31. e6+ Kg7 32. Qxa7 Qxc2+ 33. Kg3
Kf8 34. Qxa6 Qd1 35. Qa8+ Kg7 36. Qb7 Kf8 37. Qb8+ Kg7 38. Qe5+ 1-0

[Event "38. Rilton Cup 2008/2009"]
[Site "Stockholm SWE"]
[Date "2008.12.29"]
[Round "3.20"]
[White "Kantans, Toms"]
[Black "Semcesen, Daniel"]
[Result "0-1"]
[BlackElo "2402"]
[PlyCount "58"]
[EventDate "2008.12.27"]
[EventType "swiss"]
[EventRounds "9"]
[EventCountry "SWE"]
[Source "lmi"]
[SourceDate "2008.12.27"]
[WhiteElo "2146"]

1. Nf3 f5 2. g3 Nf6 3. Bg2 g6 4. O-O Bg7 5. c4 O-O 6. Nc3 d6 7. d4 c6 8. d5 Bd7
9. Nd4 Qb6 10. dxc6 bxc6 11. Nb3 Qb4 12. Qd3 Na6 13. Bd2 Qb7 14. Bf4 Rad8 15.
Rfd1 Nc7 16. Qd2 Ne6 17. Bh6 Bxh6 18. Qxh6 Qb4 19. Qe3 f4 20. Qd3 Ng4 21. Qe4
Qb6 22. e3 Nf6 23. Qf3 fxe3 24. Qxe3 Qxe3 25. fxe3 Ng4 26. Re1 Ng5 27. Nd2 Rf2
28. Rad1 Rdf8 29. b3 Rxg2+ 0-1

[Event "38. Rilton Cup 2008/2009"]
[Site "Stockholm SWE"]
[Date "2008.12.29"]
[Round "3.21"]
[White "Tate, Alan"]
[Black "Smith, Axel"]
[Result "0-1"]
[BlackElo "2391"]
[PlyCount "60"]
[EventDate "2008.12.27"]
[EventType "swiss"]
[EventRounds "9"]
[EventCountry "SWE"]
[Source "lmi"]
[SourceDate "2008.12.27"]
[WhiteElo "2144"]

1. e4 e5 2. Nf3 Nc6 3. Bc4 Nf6 4. d3 Be7 5. O-O O-O 6. Re1 d6 7. a4 Na5 8. Ba2
c5 9. Nc3 Be6 10. Nd5 Nxd5 11. exd5 Bd7 12. c3 b6 13. d4 exd4 14. cxd4 Bf6 15.
Bf4 Bg4 16. Bb1 g6 17. Ra3 Bxd4 18. Qc1 Bg7 19. Ng5 Qf6 20. Rg3 Bf5 21. Bxf5
Qxf5 22. Ne4 Qxd5 23. Bh6 Rfe8 24. Rge3 Re6 25. Bxg7 Kxg7 26. b4 Nb3 27. Qb2+
Nd4 28. Nc3 Qf5 29. bxc5 dxc5 30. Rxe6 Nxe6 0-1

[Event "38. Rilton Cup 2008/2009"]
[Site "Stockholm SWE"]
[Date "2008.12.29"]
[Round "3.22"]
[White "Krantz, Christopher"]
[Black "Engqvist, Thomas"]
[Result "1/2-1/2"]
[WhiteElo "2084"]
[BlackElo "2363"]
[PlyCount "78"]
[EventDate "2008.12.27"]
[EventType "swiss"]
[EventRounds "9"]
[EventCountry "SWE"]
[Source "lmi"]
[SourceDate "2008.12.27"]

1. e4 c6 2. d4 d5 3. Nc3 dxe4 4. Nxe4 Bf5 5. Ng3 Bg6 6. h4 h6 7. Nf3 e6 8. Ne5
Bh7 9. Bd3 Bxd3 10. Qxd3 Nd7 11. f4 Ngf6 12. Bd2 Bd6 13. O-O-O Qc7 14. Ne4 Nxe4
15. Qxe4 Nf6 16. Qe2 O-O-O 17. Rh3 Kb8 18. Rb3 Ka8 19. g3 h5 20. Kb1 c5 21. Nc4
Nd5 22. Nxd6 Rxd6 23. dxc5 Qxc5 24. Be3 Qc6 25. c4 Nxe3 26. Rxe3 Rxd1+ 27. Qxd1
Qxc4 28. Rc3 Qe4+ 29. Qd3 Qxd3+ 30. Rxd3 Kb8 31. Rd7 Rh6 32. Rxf7 Rg6 33. f5
exf5 34. Rxf5 Rxg3 35. Rxh5 Kc7 36. Rh7 Rg2 37. h5 Kc6 38. h6 gxh6 39. Rxh6+
Kd5 1/2-1/2

[Event "38. Rilton Cup 2008/2009"]
[Site "Stockholm SWE"]
[Date "2008.12.29"]
[Round "3.23"]
[White "Boric, Elena"]
[Black "Kopasov, Alexander"]
[Result "1/2-1/2"]
[WhiteElo "2292"]
[BlackElo "2109"]
[PlyCount "77"]
[EventDate "2008.12.27"]
[EventType "swiss"]
[EventRounds "9"]
[EventCountry "SWE"]
[Source "lmi"]
[SourceDate "2008.12.27"]

1. e4 e6 2. d4 d5 3. Nd2 c5 4. exd5 Qxd5 5. Ngf3 cxd4 6. Bc4 Qd6 7. O-O Nf6 8.
Re1 Nc6 9. Nb3 Bd7 10. g3 Qc7 11. Qe2 Bd6 12. Nbxd4 Nxd4 13. Nxd4 O-O-O 14. a4
h5 15. Nb5 Bxb5 16. axb5 b6 17. Ra4 h4 18. Bxe6+ Kb8 19. Rc4 Qb7 20. Bh3 hxg3
21. Bg2 gxf2+ 22. Kxf2 Bxh2 23. Kf1 Qd7 24. Qf3 Qd5 25. Bf4+ Bxf4 26. Qxf4+ Qd6
27. Re7 Qxf4+ 28. Rxf4 Rd7 29. Rxd7 Nxd7 30. Rxf7 Rf8 31. Rxf8+ Nxf8 32. Ke2
Kc7 33. Kd3 Kd6 34. Ke4 Ne6 35. b4 Nc7 36. c4 a6 37. c5+ bxc5 38. bxc5+ Kxc5
39. bxa6 1/2-1/2